000 00274nam a2200109Ia 4500
008 190914s9999||||xx |||||||||||||| ||und||
100 _aAndrew Campbell
245 0 _aCore Competency based Strategy
260 _aNew Jersey
_bPrentice Hall
_c2001
300 _a606
942 _cBK
999 _c9380
_d9380